000 01311nam a2200325 a 4500
001 000028210
005 20250723150125.0
008 110407s2010 dr a 000 p spa d
020 _a9789993446101
040 _aDO-SdBNP
_bspa
_cBNPHU
082 _aRD861.44
_bG869L
100 1 _aGris, Pedro José,
_d1958-
_925169
245 1 3 _aEl libro de los saltos ; Voy hacia mi casa /
_cPedro José Gris ; estudio de José Enrique García y Bruno Rosario Candelier.
260 _aSanto Domingo :
_bAteneo Insular,
_c2010.
300 _a104, 46 p. :
_bil. ;
_c23 cm.
490 1 _aÍnsulas extrañas
_v16
500 _aIncluye datos biográficos del autor en la solapa de la cubierta.
501 _aPublicado con: Voy hacia mi casa.
563 _aDos obras con encuadernación invertida y paginación independiente.
590 _aInventariado, 2018/LP
600 1 4 _aGRIS, PEDRO JOSÉ,
_d1958-
_xCRÍTICA E INTERPRETACIÓN
_955204
650 0 _aPoesía dominicana
_966
650 0 _aProsa dominicana
_912146
650 0 _aLiteratura dominicana.
_967
700 1 _aRosario Candelier, Bruno,
_d1941-
_9851
700 1 _aGarcía, José Enrique,
_d1948-
_922487
700 1 _aGris, Pedro José,
_tVoy hacia mi casa
_955205
830 0 _aÍnsulas extrañas ;
_v16
_926778
910 _aValidado. Control de calidad MMOLINA
999 _c27702
_d27702